| 000 | 01432nam0a22002771 4500 | ||
|---|---|---|---|
| 001 | rc\4722184 | ||
| 005 | 20260408013243.0 | ||
| 021 |
_aRU _b[64-98427] |
||
| 035 | _a(NLR Aleph) 008729535 | ||
| 090 |
_a9468509 _c9468509 |
||
| 100 | _a20130416d1964 |||y0rusy50 ca | ||
| 101 | 0 | _arus | |
| 102 | _aRU | ||
| 105 | _ay z ||||| | ||
| 200 | 1 |
_aНормы кормления сельскохозяйственных животных и содержание в кормах кормовых единиц, минеральных веществ и витаминов _fСост. д-р с.-х. наук проф. Д.В. Елпатьевский _gСарат. обл. упр. производства и заготовок с.-х. продуктов. Обл. правл. Науч.-техн. о-ва сел. хозяйства |
|
| 210 |
_aСаратов _cБ. и. _d1964 |
||
| 215 |
_a64 с. _d20 |
||
| 606 |
_aКорма _xПитательность _2psbo |
||
| 606 |
_aКормовые рационы _2psbo |
||
| 702 | 1 |
_aЕлпатьевский _bД.В. _gДмитрий Владимирович _4220 |
|
| 712 | 0 | 2 |
_aСаратовское областное управление производства и заготовок сельскохозяйственных продуктов _3RU\NLR\AUTH\8810175764 _9847637 |
| 801 | 0 |
_aRU _bNLR _gpsbo |
|
| 801 | 1 |
_aRU _bELAR _2rusmarc |
|
| 852 |
_aNLR _j64-4/21670 |
||
| 942 | _cBOOK | ||
| 980 | _aNB | ||